[Event "7. Lichtenberger Sommer"]
[Site "Berlin"]
[Date "2008.08.23"]
[Round "8.78"]
[White "Richter, Dirk"]
[Black "Prix, Siegfried"]
[Result "1/2-1/2"]
[WhiteElo "1486"]
[BlackElo "1761"]
[PlyCount "73"]
[EventDate "2008.??.??"]
[WhiteTeam "SG Lok Brandenburg, Abt. Schach"]
[BlackTeam "Sfrd. Berlin 1903 e.V."]

1. e4 e5 2. Nf3 Nc6 3. Bb5 a6 4. Bxc6 dxc6 5. O-O Bd6 6. d4 f6 7. dxe5 fxe5 8.
Nxe5 Nf6 9. Nd3 Be7 10. Bg5 O-O 11. Nd2 Be6 12. e5 Nd5 13. Bxe7 Qxe7 14. a3
Rad8 15. Qe2 Qg5 16. Ne4 Qg6 17. Nec5 Bh3 18. f3 Bc8 19. Rad1 b6 20. c4 Ne7 21.
Ne4 c5 22. Nf4 Qf5 23. Rxd8 Rxd8 24. Nd3 Nc6 25. Nef2 Nd4 26. Qe3 Be6 27. Rc1
Qf7 28. Qg5 Rf8 29. Re1 Qxf3 30. Re3 Qf7 31. b3 b5 32. h3 bxc4 33. bxc4 Bxc4
34. Ng4 Kh8 35. Nxc5 Ne6 36. Nxe6 Bxe6 37. Rf3 1/2-1/2

[Event "7. Lichtenberger Sommer"]
[Site "Berlin"]
[Date "2008.08.23"]
[Round "8.79"]
[White "Paris, Gerhard"]
[Black "Engelhardt, Erhard"]
[Result "0-1"]
[WhiteElo "1696"]
[BlackElo "1820"]
[PlyCount "40"]
[EventDate "2008.??.??"]
[WhiteTeam "TSG Oberschöneweide e.V."]
[BlackTeam "SSV Rotation Berlin e.V."]

1. e4 e6 2. d4 d5 3. e5 c5 4. c3 Nc6 5. Nf3 Qb6 6. a3 Bd7 7. Be2 cxd4 8. cxd4
Nge7 9. Nc3 Nf5 10. Na4 Qc7 11. O-O a6 12. Nc3 Be7 13. Bf4 Qb6 14. Na4 Qa7 15.
Bd3 Ncxd4 16. Nxd4 Qxd4 17. Bxf5 Qxd1 18. Rfxd1 Bxa4 19. Rd4 Bd7 20. Bd3 Bc5
0-1

[Event "7. Lichtenberger Sommer"]
[Site "Berlin"]
[Date "2008.08.23"]
[Round "8.80"]
[White "Wolfram, Mike"]
[Black "Ollek, Karl-Heinz"]
[Result "0-1"]
[WhiteElo "1434"]
[BlackElo "1861"]
[PlyCount "72"]
[EventDate "2008.??.??"]
[WhiteTeam "vereinslos"]
[BlackTeam "SC Friesen Lichtenberg e.V."]

1. e4 e6 2. d4 d5 3. e5 c5 4. Bb5+ Bd7 5. Bxd7+ Nxd7 6. c3 h6 7. Nf3 Ne7 8. O-O
Nc6 9. Qa4 Nb6 10. Qd1 c4 11. b3 Be7 12. Ba3 O-O 13. Qc1 cxb3 14. axb3 Na5 15.
Nbd2 Nc6 16. Bxe7 Qxe7 17. Qa3 a6 18. Rfb1 Qc7 19. c4 Na7 20. c5 Nd7 21. b4 Nb5
22. Qa5 Qxa5 23. bxa5 Rac8 24. Ne1 Rc7 25. Ndf3 Nb8 26. Nd3 Nc6 27. Rxb5 axb5
28. Rb1 Nxa5 29. Rxb5 Nc4 30. Nc1 Ra8 31. Nb3 Ra2 32. Ne1 Rb2 33. c6 b6 34. Nd3
Rb1+ 35. Ndc1 Na5 36. Rxb6 Nxb3 0-1

[Event "7. Lichtenberger Sommer"]
[Site "Berlin"]
[Date "2008.08.23"]
[Round "8.81"]
[White "Thonig, Manfred"]
[Black "Mahler, Sonja"]
[Result "0-1"]
[WhiteElo "1728"]
[BlackElo "1496"]
[PlyCount "98"]
[EventDate "2008.??.??"]
[WhiteTeam "SC Starnberg"]
[BlackTeam "SC Kreuzberg e.V."]

1. f4 d5 2. Nf3 Nf6 3. e3 e6 4. d4 Be7 5. Bb5+ c6 6. Bd3 O-O 7. O-O c5 8. c4
Nc6 9. a3 Qc7 10. b3 Rd8 11. Bb2 Ng4 12. Qe1 Qb6 13. Nbd2 dxc4 14. Bxc4 cxd4
15. exd4 Bf6 16. h3 Nh6 17. g4 Nxd4 18. Nxd4 Bxd4+ 19. Bxd4 Qxd4+ 20. Rf2 Bd7
21. Rd1 Bc6 22. Qe5 Qd7 23. a4 a6 24. Be2 Qe7 25. g5 Rd5 26. Qb2 Nf5 27. Qc3
Rad8 28. Rh2 Nd4 29. Bg4 Qd6 30. Rf2 Qa3 31. h4 Bxa4 32. h5 Bb5 33. h6 Kh8 34.
Kh2 Rc5 35. Qe3 Nc2 36. Qe4 Bc6 37. Qe2 Nd4 38. Qf1 Qa5 39. Nc4 Qc7 40. Kh3 Bb5
41. Be2 Nxb3 42. Rxd8+ Qxd8 43. Rf3 Bxc4 44. Bxc4 Nd4 45. Rc3 b5 46. Ra3 Rxc4
47. Rxa6 Rc3+ 48. Kg4 Nf5 49. Qg1 Qd1+ 0-1

[Event "7. Lichtenberger Sommer"]
[Site "Berlin"]
[Date "2008.08.23"]
[Round "8.82"]
[White "Schneider, Eckehard"]
[Black "Winter, Jürgen"]
[Result "1-0"]
[WhiteElo "1802"]
[BlackElo "1416"]
[PlyCount "131"]
[EventDate "2008.??.??"]
[WhiteTeam "Sfrd. Berlin 1903 e.V."]
[BlackTeam "SC Rochade Müncheberg"]

1. e4 e5 2. Nf3 Nc6 3. d4 exd4 4. Nxd4 Nxd4 5. Qxd4 d6 6. Nc3 a6 7. Be2 Bd7 8.
O-O Qf6 9. Qd3 Ne7 10. b3 Ng6 11. f4 c6 12. Be3 Qd8 13. Na4 c5 14. Nc3 Bc6 15.
Nd5 Be7 16. c4 O-O 17. Rad1 Bxd5 18. Qxd5 Qc7 19. Rf3 Qc6 20. Qd3 Rad8 21. Rh3
h6 22. g3 Qd7 23. Kg2 a5 24. Bxc5 Qc6 25. Bd4 Rfe8 26. Bf3 Qc7 27. Qc3 Bf8 28.
Rh5 b6 29. Rb5 Rb8 30. Qe3 Ne7 31. Bxb6 Qc8 32. Qd2 Nc6 33. Bxa5 Rxb5 34. cxb5
Nxa5 35. Rc1 Qd8 36. b4 Nb7 37. Qd5 Qe7 38. a4 Nd8 39. a5 Qf6 40. Rc2 Ne6 41.
Rc4 Qb2+ 42. Kh3 Qa1 43. b6 Qf1+ 44. Bg2 Nxf4+ 45. gxf4 Qxf4 46. Qf5 Qe3+ 47.
Qf3 Qg5 48. Rc7 Qg6 49. b7 Qe6+ 50. Qf5 Qb3+ 51. Bf3 g6 52. Qf4 Qe6+ 53. Kg2
Qa2+ 54. Kg3 Qe6 55. a6 d5 56. Qxf7+ Qxf7 57. Rxf7 Kxf7 58. a7 Bd6+ 59. Kh3 d4
60. a8=Q d3 61. Qa2+ Re6 62. Bg4 Bb8 63. Qxe6+ Kf8 64. Qc8+ Ke7 65. Qxb8 Kf6
66. e5+ 1-0

[Event "7. Lichtenberger Sommer"]
[Site "Berlin"]
[Date "2008.08.23"]
[Round "8.83"]
[White "Möller, Dirk"]
[Black "Krüger, Stefan"]
[Result "1-0"]
[WhiteElo "1575"]
[BlackElo "1548"]
[PlyCount "49"]
[EventDate "2008.??.??"]
[WhiteTeam "SC Kreuzberg e.V."]
[BlackTeam "SC Friesen Lichtenberg e.V."]

1. e4 c5 2. Nf3 d6 3. d4 cxd4 4. Nxd4 Nf6 5. Nc3 g6 6. Bc4 Bg7 7. f3 Qb6 8. Bb3
Nc6 9. Be3 a6 10. Nf5 Qa5 11. Nxg7+ Kd7 12. Bxf7 Nd8 13. Bb3 Ng8 14. f4 b6 15.
Qg4+ Kc7 16. Qf3 Ra7 17. O-O-O Kb8 18. Nd5 e5 19. Bxb6 Qb5 20. Bxa7+ Kxa7 21.
Qe3+ Kb8 22. Nb6 Nf6 23. Rxd6 Ng4 24. Qc3 exf4 25. Qxc8+ 1-0

[Event "7. Lichtenberger Sommer"]
[Site "Berlin"]
[Date "2008.08.23"]
[Round "8.84"]
[White "Dietzel, Uwe"]
[Black "Schröder, Gert"]
[Result "1-0"]
[WhiteElo "1532"]
[BlackElo "1079"]
[PlyCount "77"]
[EventDate "2008.??.??"]
[WhiteTeam "TSV Lichtentanne SAbt"]
[BlackTeam "SV Königsjäger Süd-West e.V."]

1. e4 g6 2. d4 d6 3. Nc3 Bg7 4. Be3 c6 5. Be2 Qc7 6. Nf3 Nd7 7. Qd2 Ngf6 8. h3
O-O 9. O-O-O Re8 10. Bh6 e5 11. Bxg7 Kxg7 12. dxe5 dxe5 13. Qe3 Nf8 14. Rd2 Ne6
15. g3 b6 16. Rhd1 Bb7 17. Bc4 Rad8 18. Rxd8 Rxd8 19. Rxd8 Nxd8 20. Qd3 Qd7 21.
Nxe5 Qxd3 22. cxd3 a5 23. a4 Bc8 24. g4 Kf8 25. Kd2 h5 26. f3 Ke7 27. d4 Ne8
28. d5 Nd6 29. Bd3 Kf6 30. Nxc6 Nxc6 31. dxc6 Ke5 32. Nd5 f5 33. Nxb6 Be6 34.
exf5 gxf5 35. gxh5 Kf4 36. h6 Bg8 37. c7 Kg5 38. c8=Q Nxc8 39. Nxc8 1-0

[Event "7. Lichtenberger Sommer"]
[Site "Berlin"]
[Date "2008.08.23"]
[Round "8.85"]
[White "Jansen, Robert"]
[Black "Apel, Wolfgang"]
[Result "1-0"]
[WhiteElo "1274"]
[BlackElo "1786"]
[PlyCount "61"]
[EventDate "2008.??.??"]
[WhiteTeam "SK Gilette"]
[BlackTeam "SV Berolina Mitte e.V."]

1. Nf3 d6 2. d4 Nf6 3. c4 g6 4. Nc3 Bg7 5. e3 O-O 6. h3 c6 7. Bd3 Qc7 8. e4 e5
9. d5 cxd5 10. cxd5 a6 11. O-O b5 12. a3 Nbd7 13. Be3 Nc5 14. Rc1 Qe7 15. Bb1
Bb7 16. b4 Ncd7 17. Ne2 Rac8 18. Rxc8 Rxc8 19. Ng3 Qd8 20. Nh2 Nb6 21. Kh1 Nfd7
22. f4 Nc4 23. Bc1 exf4 24. Bxf4 Qb6 25. Ng4 h5 26. Nxh5 gxh5 27. Nh6+ Bxh6 28.
Bxh6 Nde5 29. Qxh5 Nxa3 30. Qg5+ Ng6 31. Qf6 1-0

[Event "7. Lichtenberger Sommer"]
[Site "Berlin"]
[Date "2008.08.23"]
[Round "8.86"]
[White "Heyne, Klaus"]
[Black "Würsig, Mathias"]
[Result "0-1"]
[WhiteElo "1160"]
[BlackElo "1487"]
[PlyCount "62"]
[EventDate "2008.??.??"]
[WhiteTeam "SC Rotation Pankow e.V."]
[BlackTeam "SV Blau-Gelb 1899 Hosena e.V."]

1. c4 Nf6 2. d4 g6 3. Nf3 Bg7 4. e3 O-O 5. Bd3 d6 6. Nbd2 Nbd7 7. h3 c5 8. d5
a6 9. Rb1 b5 10. b3 b4 11. Bb2 Nb6 12. Ne4 e6 13. Nxf6+ Bxf6 14. Bxf6 Qxf6 15.
dxe6 Bxe6 16. Rc1 d5 17. Qe2 dxc4 18. bxc4 Na4 19. O-O Nc3 20. Qd2 Bxh3 21.
gxh3 Qxf3 22. Kh2 Rad8 23. Rg1 Ne4 24. Qe2 Qxf2+ 25. Qxf2 Nxf2 26. Bc2 Nd3 27.
Bxd3 Rxd3 28. Rg3 Rd2+ 29. Rg2 Rxg2+ 30. Kxg2 Rd8 31. Kf2 Rd2+ 0-1

[Event "7. Lichtenberger Sommer"]
[Site "Berlin"]
[Date "2008.08.23"]
[Round "8.87"]
[White "Udet, Fabian"]
[Black "Winz, Michael"]
[Result "1-0"]
[WhiteElo "1560"]
[BlackElo "1711"]
[PlyCount "73"]
[EventDate "2008.??.??"]
[WhiteTeam "1. Schachclub Anhalt"]
[BlackTeam "SC Friesen Lichtenberg e.V."]

1. e4 e5 2. f4 exf4 3. Nf3 Be7 4. d4 Bh4+ 5. Ke2 d5 6. Qd3 Nh6 7. Bxf4 O-O 8.
Nc3 dxe4 9. Nxe4 Bf5 10. Bxh6 Bxe4 11. Qxe4 Re8 12. Ne5 Qf6 13. g3 Bg5 14. Bxg5
Qxg5 15. Qf4 Qxf4 16. gxf4 f6 17. Kd2 fxe5 18. fxe5 Nc6 19. c3 Rad8 20. Kc2 Rf8
21. Bc4+ Kh8 22. Rhf1 Ne7 23. Rxf8+ Rxf8 24. Rf1 Rxf1 25. Bxf1 Nf5 26. Kd3 Kg8
27. Bg2 c6 28. d5 Ne7 29. d6 Ng6 30. Ke4 Kf7 31. Bh3 Nf8 32. Bc8 Ne6 33. b4 Nd8
34. a4 Ke8 35. e6 g6 36. Ke5 b6 37. Bd7+ 1-0

[Event "7. Lichtenberger Sommer"]
[Site "Berlin"]
[Date "2008.08.23"]
[Round "8.88"]
[White "Mako, Atila"]
[Black "Berg, Gerd"]
[Result "1-0"]
[WhiteElo "1794"]
[BlackElo "1717"]
[PlyCount "55"]
[EventDate "2008.??.??"]
[WhiteTeam "BSC Rehberge 1945 e.V."]
[BlackTeam "SK König Tegel 1949 e.V."]

1. d4 Nf6 2. Bf4 d6 3. Nf3 Nc6 4. h3 g6 5. e3 a6 6. a3 b5 7. Bd3 Bg7 8. c4 bxc4
9. Bxc4 d5 10. Bd3 O-O 11. Nbd2 Nh5 12. Bh2 f5 13. Nb3 Nf6 14. Nc5 Ne4 15. Bxe4
fxe4 16. Ng5 Qe8 17. Nge6 Bxe6 18. Nxe6 Qf7 19. Nxf8 Rxf8 20. O-O e5 21. Rc1
Qf6 22. dxe5 Nxe5 23. Qxd5+ Kh8 24. Rxc7 Nd3 25. Bg3 Nxb2 26. Rxg7 Nd3 27. Ra7
Re8 28. Qd7 1-0

[Event "7. Lichtenberger Sommer"]
[Site "Berlin"]
[Date "2008.08.23"]
[Round "8.89"]
[White "Bauer, Stefan"]
[Black "Kitzler, Gerhard"]
[Result "1-0"]
[WhiteElo "1816"]
[BlackElo "1059"]
[PlyCount "49"]
[EventDate "2008.??.??"]
[WhiteTeam "SC Kreuzberg e.V."]
[BlackTeam "SK 1858 Gießen"]

1. Nf3 d5 2. c4 d4 3. d3 c5 4. e3 Qa5+ 5. Bd2 Qb6 6. Qc2 Nc6 7. a3 e5 8. Be2
Be7 9. O-O Nf6 10. e4 Bg4 11. h3 Bd7 12. Bc1 Qc7 13. Qd2 h6 14. Qe1 Qc8 15. Kh2
Ng4+ 16. hxg4 Bxg4 17. Ng1 h5 18. f3 Be6 19. g3 Qd8 20. Nh3 f5 21. f4 fxe4 22.
f5 Bf7 23. Nd2 e3 24. Ne4 b6 25. Bf3 1-0

[Event "7. Lichtenberger Sommer"]
[Site "Berlin"]
[Date "2008.08.23"]
[Round "8.90"]
[White "Wierzbicki, Jirawat"]
[Black "Junghänel, Dieter"]
[Result "0-1"]
[WhiteElo "734"]
[BlackElo "1755"]
[PlyCount "54"]
[EventDate "2008.??.??"]
[WhiteTeam "Schachpinguine Berlin"]
[BlackTeam "SV Motor Wildau e.V."]

1. e4 d5 2. exd5 Qxd5 3. Nc3 Qa5 4. Nf3 Nf6 5. d3 e6 6. Bg5 Nbd7 7. Be2 Bb4 8.
Qd2 Nd5 9. O-O Nxc3 10. bxc3 Bxc3 11. Qc1 Bxa1 12. Qxa1 O-O 13. Re1 b6 14. Qb2
Bb7 15. Kf1 Bxf3 16. Bxf3 Qxg5 17. Bxa8 Rxa8 18. Rb1 Qf4 19. g3 Qf3 20. a3 Nf6
21. c3 Qxd3+ 22. Kg2 Rd8 23. Qb3 e5 24. Re1 e4 25. Qb4 Qf3+ 26. Kh3 Rd5 27. Re3
Rh5# 0-1

[Event "7. Lichtenberger Sommer"]
[Site "Berlin"]
[Date "2008.08.23"]
[Round "8.91"]
[White "Bauerfeind, Lars"]
[Black "Lippianowski, Stefan"]
[Result "1-0"]
[WhiteElo "1289"]
[BlackElo "953"]
[PlyCount "125"]
[EventDate "2008.??.??"]
[WhiteTeam "SV Motor Eberswalde e.V."]
[BlackTeam "Treptower SV 1949 e.V."]

1. d4 d5 2. c4 Bf5 3. Nc3 dxc4 4. e4 Bd7 5. Bxc4 Nc6 6. Nf3 Bg4 7. d5 Bxf3 8.
Qxf3 Ne5 9. Qe2 a6 10. Bf4 Qd6 11. O-O g6 12. Rfd1 Bg7 13. Bb3 Nf6 14. Ba4+
Nfd7 15. Bxe5 Bxe5 16. h3 O-O 17. Qg4 Nc5 18. Bc2 h5 19. Qf3 Bh2+ 20. Kh1 Be5
21. Rab1 Nd7 22. Bd3 Bf6 23. Qe2 Qf4 24. Qd2 Qd6 25. Ne2 Be5 26. Qg5 Bf6 27.
Qf4 Be5 28. Qd2 Rad8 29. Rdc1 Nc5 30. Qe3 Nd7 31. Rc2 c5 32. dxc6 bxc6 33. Bxa6
Ra8 34. Bc4 Ra4 35. Qd3 Qxd3 36. Bxd3 Rxa2 37. f4 Bc7 38. Rxc6 Bb8 39. e5 Bxe5
40. fxe5 Nxe5 41. Rc3 Rd8 42. Bc4 Ra4 43. b3 Ra2 44. Ng3 Rdd2 45. Bf1 Kh7 46.
Re3 f6 47. b4 Rd7 48. b5 Raa7 49. Reb3 Rab7 50. b6 Nf7 51. Bb5 Rd6 52. Ne4
Rdxb6 53. Nc5 Rc7 54. Nd7 Rd6 55. Nb8 Rc2 56. Bd3 Rd2 57. Bc4 R6d4 58. Bxf7 Rf4
59. Rb7 Rff2 60. Rg1 Kg7 61. Rxe7 Rb2 62. Nc6 Rbc2 63. Bb3+ 1-0